书目信息 |
| 题名: |
有机反应
|
|
| 作者: | 王乃兴 著 | |
| 分册: | ||
| 出版信息: | 北京 化学工业出版社 2013.08 |
|
| 页数: | 520页 | |
| 开本: | 24cm | |
| 丛书名: | ||
| 单 册: | ||
| 中图分类: | O622.6 | |
| 科图分类: | ||
| 主题词: | 氮化物--有机化合物--化学反应 , 氮化物 , 有机化合物 , 化学反应 | |
| 电子资源: | ||
| ISBN: | 978-7-122-16228-1 | |
| 000 | 01493nam0 2200313 450 | |
| 001 | 012013157143 | |
| 005 | 20140609154120.01 | |
| 010 | @a978-7-122-16228-1@b精装@dCNY128.00 | |
| 100 | @a20130916d2013 em y0chiy0110 ea | |
| 101 | 0 | @achi |
| 102 | @aCN@b110000 | |
| 105 | @aak z 000yy | |
| 106 | @ar | |
| 200 | 1 | @a有机反应@9you ji fan ying@e多氮化物的反应及若干理论问题@dOrganic reactions@ethe reactions of polynitrogen compounds and some theoretic questions@f王乃兴著@zeng |
| 205 | @a3版 | |
| 210 | @a北京@c化学工业出版社@d2013.08 | |
| 215 | @a520页@c图@d24cm | |
| 330 | @a本书主要概述了多氮化物的研究进展,论述了相关多氮化物的有机反应问题,书中对大量叠氮化物的有机反应、叠氮化物涉及的氮杂Wittig反应的机理和应用,多氮手性杂环化合物的不对称合成,三唑、苯并三唑、咪唑环番、四唑和四嗪衍生物、卟啉衍生物、吲哚生物碱等均作了较为详尽的阐述,并对含氮化合物与Fullerene[60]的化学反应及其进展作了论述。 | |
| 333 | @a本书可作为有机化学、材料化学、药物化学、精细化工和生物工程等专业的高年级学生、研究生、教师及科研人员的学习参考 | |
| 510 | 1 | @aOrganic reactions@ethe reactions of polynitrogen compounds and some theoretic questions@zeng |
| 517 | 1 | @a多氮化物的反应及若干理论问题@9duo dan hua wu de fan ying ji ruo gan li lun wen ti |
| 606 | 0 | @a氮化物@x有机化合物@x化学反应 |
| 606 | 0 | @a氮化物 |
| 606 | 0 | @a有机化合物 |
| 606 | 0 | @a化学反应 |
| 690 | @aO622.6@v5 | |
| 701 | 0 | @a王乃兴@9wang nai xing@4著 |
| 801 | 0 | @aCN@b人天书店@c20130916 |
| 905 | @b549881-83@dO622.6@e3=3@f3 | |
| 有机反应:多氮化物的反应及若干理论问题=Organic reactions:the reactions of polynitrogen compounds and some theoretic questions/王乃兴著.-3版.-北京:化学工业出版社,2013.08 |
| 520页:图;24cm |
| 使用对象:本书可作为有机化学、材料化学、药物化学、精细化工和生物工程等专业的高年级学生、研究生、教师及科研人员的学习参考 |
| ISBN 978-7-122-16228-1(精装):CNY128.00 |
| 本书主要概述了多氮化物的研究进展,论述了相关多氮化物的有机反应问题,书中对大量叠氮化物的有机反应、叠氮化物涉及的氮杂Wittig反应的机理和应用,多氮手性杂环化合物的不对称合成,三唑、苯并三唑、咪唑环番、四唑和四嗪衍生物、卟啉衍生物、吲哚生物碱等均作了较为详尽的阐述,并对含氮化合物与Fullerene[60]的化学反应及其进展作了论述。 |
| ● |
| 相关链接 |
|
|
|
|
正题名:有机反应
索取号:O622.6/3=3
 
预约/预借
| 序号 | 登录号 | 条形码 | 馆藏地/架位号 | 状态 | 备注 |
| 1 | 549881 | 205498816 | 第二样本阅览室/ [索取号:O622.6/3=3] | 在馆 | |
| 2 | 549882 | 205498825 | 第三借阅区/ [索取号:O622.6/3=3] | 在馆 | |
| 3 | 549883 | 205498834 | 密集书库-化学系/ [索取号:O622.6/3=3] | 在馆 |